000 00557nam a22002177a 4500
003 UA-OsUOA
001 58337
007 ta
008 20090204b un ||||| |||| 00| 0 ukr d
100 _aВолинський Г.
090 _a330(477)
_bВ67
942 _cSA
040 _aUA-OsUOA
_bukr
_cUA-OsUOA
_dUA-OsUOA
245 _aПро якість корпоративного управління
300 _aС.42-50
955 _a0
041 _aukr
080 _a330(477)
773 0 _w58334
650 7 _a330 Економіка взагалі
_2UDC
999 _c344424
_d344424